LIBRARY & INFORMATION CENTRE, KCAET, TAVANUR

ONLINE PUBLIC ACCESS CATALOGUE (OPAC)

Spatio-temporal analysis of meteorological variables over India for 21st century: approach with CMIP6 climate models / (Record no. 18094)

MARC details
000 -LEADER
fixed length control field 00551nam a2200169 4500
003 - CONTROL NUMBER IDENTIFIER
control field OSt
082 ## - DEWEY DECIMAL CLASSIFICATION NUMBER
Classification number 631.587
Item number ASH/SP
088 ## - REPORT NUMBER
Report number P 618
100 ## - MAIN ENTRY--AUTHOR NAME
Personal name Ashitha Mariya Shaji
245 ## - TITLE STATEMENT
Title Spatio-temporal analysis of meteorological variables over India for 21st century: approach with CMIP6 climate models /
260 ## - PUBLICATION, DISTRIBUTION, ETC. (IMPRINT)
Place of publication Tavanur :
Name of publisher Department of Irrigation & Drainage Engineering,
Year of publication 2024.
700 ## - ADDED ENTRY--PERSONAL NAME
Personal name Haripriya H
700 ## - ADDED ENTRY--PERSONAL NAME
Personal name Anusha C Rajesh
700 ## - ADDED ENTRY--PERSONAL NAME
Personal name Adhithya P B
700 ## - ADDED ENTRY--PERSONAL NAME
Personal name Rema K P (Guide)
942 ## - ADDED ENTRY ELEMENTS (KOHA)
Koha item type Project Report
Holdings
Collection code Home library Current library Full call number Accession Number Koha item type
Reference KAUAET KAUAET 631.587 ASH/SP P 618 Project Report
free website counter